000 00849cab a2200253 4500
001 WB3111-46
008 090401t1995 xxu||||| |||| 00| 0 eng d
035 _a(Sirsi) u29341
041 _aeng
245 _aChallenge to RICS design claim
260 _c1995
350 _a0
490 _aBuilding
_v260(7884) 17 March 1995, 13(1)
520 _aRIBA objects to the proposed RICS constitution which states that part of a surveyor`s profession is to design buildings. The complaint to the Privy Council could delay approval of the constitution.
650 _aBUILT ENVIRONMENT-CONSTRUCTION DESIGN
650 _aDIRECTIVE 85/384/EEC
650 _aPRIVY COUNCIL
650 _aRIBA
650 _aRICS CONSTITUTION
650 _aRICS
690 _aMANAGEMENT-BUSINESS MANAGEMENT-PROFESSIONAL PRACTICE
942 _n0
948 _c04/03/1997
999 _c19767
_d19767